| 000 | 00417nam a2200157Ia 4500 | ||
|---|---|---|---|
| 008 | 250602s9999 xx 000 0 und d | ||
| 020 | _a978-9694949710 | ||
| 082 | _a920.954 RIZ | ||
| 100 | _aRizvi, Syed Abid | ||
| 245 | 0 |
_aMeet Our Friend JJ: _ban Anthology About Javed Jabbar |
|
| 250 | _a1st ed. | ||
| 260 |
_aKarachi: _bParamount Books, _c2014 |
||
| 300 | _axlviii, 368p. | ||
| 600 | _aBiography | ||
| 942 | _cGB | ||
| 999 |
_c31337 _d31337 |
||